[Event "Chelyabinsk Variation 12.4"]
[Site "Budapest HUN"]
[Date "2003.04.19"]
[Round "12.4"]
[White "Acs, Peter"]
[Black "Leko, Peter"]
[Result "1-0"]
[WhiteElo "2600"]
[BlackElo "2746"]
[EventDate "2003.04.11"]
[Annotator "Rogozenco"]

1. e4 c5 2. Nf3 Nc6 3. d4 cxd4 4. Nxd4 Nf6 5. Nc3 e5 6. Ndb5 d6 7. Bg5 a6 
8. Na3 b5 9. Bxf6 gxf6 10. Nd5 f5 11. Bd3 Be6 12. Qh5 {A fashionable move 
in the past, this line became popular recently. The present game certainly
played its role for that.} 12. ... Rg8 ( 12. ... Bg7 13. O-O f4 14. c4 {is
another main direction in Sveshnikov Sicilian. However, 12...Rg8 leads to 
more dynamic and sharp positions.} ) 13. g3 Rg5 ( 13. ... Rg4 14. f4! ) 
14. Qd1 ( 14. Qxh7 {taking the pawn gives Black good counterplay after 
both 14...Nd4 and 14...Bxd5.} ) 14. ... Bxd5 15. exd5 Ne7 16. c3 ( 16. 
Nxb5 Qb6 17. Na3 Qxb2 18. Nc4 Qc3+ 19. Kf1 Rd8 20. Rb1 e4 21. Be2 f4! {0-1
Polgar,J-Leko,P/Budapest 2003 (44)} ) 16. ... Bh6 N {Another attempt at 
improving the variation for Black } ( 16. ... Qb6 17. Nc2 e4 18. Be2 f4 
19. Qd2!? Rxd5 20. Qxf4 Re5 21. O-O Bg7 22. Kh1 b4 23. c4 d5 24. Rad1! {
1-0 Grischuk, A-Krasenkow,M/Wijk aan Zee 2003 (48)} ) ( 16. ... e4 17. f4!
{was met earlier, with a slight plus for White.} ) 17. Be2! {A good move, 
anticipating 17...e4.

An interesting prophylactic retreat that should amortize the e5-e4 advance
followed by activation of black pawns } ( 17. Nc2 e4 {followed by 18...f4,
with counterplay.} 18. Be2 f4! ) 17. ... Qb6 ( 17. ... Rc8 18. c4 f4 19. 
cxb5 e4 20. gxf4 Qa5+ 21. Kf1 Rxd5 22. Qe1 Qc7 23. bxa6 Qd7 24. Rg1 Qh3+ 
25. Rg2 Bxf4 26. Qb4 Bxh2 27. Bg4 Qd3+ 28. Be2 Qh3 29. Bg4 Qd3+ 30. Ke1 
+/- {1-0 Polgar,J-Lautier,J/Enghien les Bains 2003 (38)} ) ( 17. ... e4 
18. Qd4!? {Acs} ( 18. Nc2 f4! ) 18. ... Bg7 19. Qd2 += Bh6 20. Nc2 += {and
the f5-f4 advance is checked} ) 18. Nc2 Kf8 {'?!' Ftacnik. This natural 
and useful retreat is somewhat too slow, allowing White to start first his
active actions on the queenside. Ftacnik: 'Leko must have been pleased by 
the success against Polgar and and it surely influenced his trust for the 
black's setup.'

A typical tactical method for this variation. Black makes his king's 
position more comfortable by sending it to the right flank "by foot". } ( 
18. ... Qb7!? {'!?' Ftacnik.} 19. a4! ( 19. f4 {Ftacnik} 19. ... exf4 20. 
gxf4 Rg6 21. a4 Bxf4 22. axb5 axb5 23. Rxa8+ Qxa8 24. Bxb5+ Kd8 ~ ) 
19. ... Nxd5 ( 19. ... bxa4 20. Nb4 ) 20. O-O ( 20. axb5!? Ne3 21. Nxe3 
Qxh1+ 22. Bf1 ) 20. ... Nf4 21. Bf3 e4 22. Qxd6 {with sharp play} ) ( 
18. ... e4 {Ftacnik} 19. f4 exf3 20. Bxf3 f4 21. Qd3 += ) 19. a4! â†‘ {
White tries to stress temporary disunity of black rooks by a standard 
undermining on the Q-side} 19. ... bxa4 20. Nb4 f4 ( {Transposition into 
an endgame after} 20. ... a5 {turns out to be favorable for White } 21. 
Qxa4 += e4 22. Qb5! Qxb5 23. Bxb5 f4 24. O-O += ) ( 20. ... Qb7 21. O-O a5
22. Qxa4 Nxd5 23. Nxd5 Qxd5 24. Rfd1 Qc5 25. b4 Qxc3 26. Rxd6 ) ( 20. ... 
e4 21. Qxa4 f4 22. Qa5 Qb8 23. Qa4 a5 24. gxf4 Rf5 25. Rg1 Rxf4 26. Rg4 
Ng6 27. Rxf4 Bxf4 {0-1 De Waele, Willy (2006) - Vesely, Emanuel (2161) / 
SA-2012-0-00287 (-), Lechenicher SchachServer 2012} ) 21. Qxa4 f3 ( 
21. ... e4 22. Qa5! += ( 22. gxf4 Rg2 23. Rf1 e3 ) ) 22. Bd3! {One of the 
main white ideas in this variation is to hinder the opponent's central 
pawns } ( 22. Bxf3? Rf5 23. Ke2 e4 -+ ) ( 22. Bxa6? e4 â‡„â‡„ 23. O-O e3 
24. fxe3 Qxe3+ 25. Rf2 ( 25. Kh1? f2 -+ ) 25. ... Qb6 26. Qa5 Qa7 ) 
22. ... Rg4 ( 22. ... f5 âŒ“ 23. Qd7! ( 23. Qa5 Qxa5 24. Rxa5 e4 25. Rxa6 
Rxa6 26. Bxa6 f4! ) 23. ... e4 ( 23. ... Ra7 24. Rxa6! Rxd7 25. Rxb6 e4 
26. Bb5 +/- ) 24. Rxa6 Rxa6 25. Bxa6 f4 ( 25. ... e3 26. Bb5! exf2+ 27. 
Kd1 Qe3 28. Kc2 +/- ) 26. Bb5 Re5 27. O-O +/- ) ( 22. ... e4? 23. Bxe4 Re5
24. Nd3 +- ) 23. O-O ( {An attempt to exchange queens } 23. Qa5? {allows 
Black an unexpected check on d2:} 23. ... Bd2+! 24. Kf1! ( 24. Kxd2 Qxf2+ 
25. Kc1 e4 -/+ ) 24. ... Qxa5 {Now with the king on f1 Black will have 
tactical motifs even in endgame.} 25. Rxa5 Rc8 26. Nc2 ( 26. Ra1 Bxc3! 27.
 bxc3 Rxc3 -+ ) 26. ... Rb8 27. Nb4 Rc8 =, quiet ) 23. ... f5 {Black pawns
begin to move, but the very following lunge of the opponent's queen 
reveals the vulnerability of their king's position } ( 23. ... e4? 24. Qd7
! f5 ) ( {As P.Acs points out, in case of prophylactic} 23. ... Qc7 {White
supports his initiative by means of } 24. Qd1! f5 25. Bxf5! Rxb4 26. Qxf3!
Rxb2 ( 26. ... Rf4 27. gxf4 Nxf5 28. fxe5 +/- ) 27. Bg6+ Bf4 28. Be4 +/- )
24. Qd7 {Black's problem is the lack of co-ordination between pieces, 
while White already starts to create concrete threats. Ftacnik: 'Acs has 
achieved a great feat, since his king sits in the safety and white is 
positionaly winning on the queenside. Penetration of the active white 
queen to the enemy camp must have been very unpleasant for the defender.'}
24. ... Rxb4! {Desperation in a bad position. Tactical tricks are probably
the only thing left for Black anyway.} ( 24. ... Rd8 25. Rxa6! +/- ) ( 
24. ... a5? 25. Nc6 Nxc6 26. Qxf5+ +- ) ( 24. ... e4? 25. Nc6! +- ) ( 
24. ... Ra7 25. Rxa6! Rxd7 ( 25. ... Qxf2+ 26. Kxf2! Rxd7 27. Bb5 Rb7 28. 
Rxd6 Rxb5 29. Rxh6 Nxd5 30. Nxd5 Rxd5 31. Kxf3! ( 31. Rf6+? Ke7 32. Rxf5 
Ke6 33. Rh5 Rd3! ) 31. ... Kg7 32. Rc6 +- ) ( 25. ... Rxa6 26. Nxa6 e4 27.
 Nc7 +- ) 26. Rxb6 +/- ) 25. cxb4 e4 26. Bb5! {Most precise. The bishop 
goes to c6.} 26. ... Rb8 ( 26. ... e3 27. Rxa6! ) ( 26. ... Bg5 27. Bc6 +-
) 27. Bc6 Qxb4 28. Ra4! ( 28. Rxa6 Be3! 29. fxe3?? â–³ Qxb2 -+ ) 28. ... 
Qxb2 29. Qxd6 Be3? {Nice, but White has a defence. He should have kept the
bishop closer to his own king with 29...Bg7.} ( 29. ... Bg7! 30. Rxa6 Be5 
31. Qe6 +/- ) 30. h4! { By giving his king "some air to breathe" White 
eliminates the possibility of the opponent's tactical counterplay } ( 30. 
Ra2? Bxf2+ 31. Rxf2 ( 31. Kh1 Bc5 ) 31. ... Qb1+ 32. Rf1 Qxa2 33. Qxb8+ 
Kg7 34. Qe5+ Kf8! ( 34. ... Kh6 35. Rxf3! ) 35. Qf6+ Kg8 =, quiet {(Acs)} 
) 30. ... Ba7 31. Rxa6 Qe2 32. Raa1 e3 33. Qf6+ Kg8 34. Bd7 {White wins by
mating attack.} 34. ... exf2+ 35. Kh2 Rb6 36. Be6+ Rxe6 37. dxe6 1-0

[Event "Chelyabinsk Variation 12.5"]
[Site "Elista RUS"]
[Date "1997.05.22"]
[Round "12.5"]
[White "Galkin, Alexander"]
[Black "Filippov, Valerij"]
[Result "0-1"]
[WhiteElo "2510"]
[BlackElo "2510"]
[EventDate "1997.05.19"]
[Annotator "Rogozenko"]

1. e4 {Horvath,T} 1. ... c5 2. Nf3 e6 3. d4 cxd4 4. Nxd4 Nf6 5. Nc3 Nc6 6.
 Ndb5 d6 7. Bf4 e5 8. Bg5 a6 9. Na3 b5 10. Bxf6 gxf6 11. Nd5 f5 12. Bd3 
Be6 13. Qh5 {Nowdays more popular is 13.0-0} 13. ... Rg8 {Most Sveshnikov 
specialist doesnt like playing main line 13....f4
} 14. g3 Nd4!? {Recently this continuation has been bringing better 
practical results to Black, than 14...Rg5} ( 14. ... Rg5 15. Qxh7 Bxd5 16.
 exd5 Ne7 17. O-O-O Qb6 =/& {Wang Zili - Chehov/Beijing 1991} ) ( 14. ... 
Bxd5!? 15. exd5 Rg5 16. Qh4 Qa5+ 17. Kf1 Rg4 18. Qxh7 Nd4 19. c4 ( 19. 
Bxf5 Rg7 20. Qh3 b4 21. Nc4 Qxd5 -/+ ) 19. ... Qd2 20. Bxf5 Qe2+ 21. Kg1 
Rg5 22. Bd3 Qxb2 -+ {Shehodanov - Zezulkin/Minsk 1994} ) ( 14. ... f4?! {
Horvath,T} 15. gxf4 Bg4 16. Qxh7 Rg7 17. Qh8 Nd4 18. Kf1 Rg6 19. h3! Rh6 
20. hxg4 Rxh8 21. Rxh8 +/- {Horvath, Cs-Horvath,P/Budapest/1989} ) ( {
Playable is also:} 14. ... Rg4!? 15. f4 Rc8 16. c3 b4 17. Nc2 ( 17. Bxa6?!
bxa3 18. Bxc8 axb2 19. Rb1 Qxc8 20. Nf6+ Ke7 21. Nxg4 fxg4 22. O-O exf4 
23. Qg5+ Ke8 24. gxf4 Bc4 25. Rf2 ) 17. ... bxc3 18. bxc3 exf4 19. Nxf4 
Ne5 20. Be2 Rg6 = ) 15. c3! ( 15. Ne3 Rg5 16. Qxh7 fxe4 17. Bxe4 d5 â‡„â‡„
{Sobolevsky - Dvoirys/Barnaul 1988} ) ( {Risky is} 15. O-O-O { and black 
initiative starts developing by itself } 15. ... Rc8 16. Kb1 fxe4 17. Bxe4
b4 18. Nxb4 Rg5 19. Qxh7 d5 20. Bxd5 Bxd5 21. Nxd5 Qxd5 {0-1(40) Liang, 
Jinrong (2395) - Kindermann, Stefan (2465) / WchT U26 (?), Chicago, IL USA
1983} ) 15. ... fxe4 16. Bxe4 Bg4 { Black bases his play on vulnerability 
of the f3-square in the enemy camp } 17. Qxh7 ( {White is forced to accept
a pawn offer, as } 17. Qh4? {leads to black advantage } 17. ... Nf3+ 18. 
Bxf3 Qxh4 19. gxh4 Bxf3 20. Nf6+ Kd8 21. Nxg8 Bxh1 -/+ ) 17. ... Rg7 18. 
Qh6 ( {GM J.Klovans recommends the continuation} 18. Qh8!? Nf3+ 19. Ke2 
Ng5+ 20. f3 ) 18. ... Nf3+ 19. Kf1 {A natural retreat of the white king, 
after which Black obtains equal play } ( 19. Ke2 Rg6 20. Qe3 Bh6 21. Qb6 
Nd2+ 22. f3 Nxe4 23. Qxd8+ Kxd8 24. fxg4 Rxg4 25. Rhf1 Ra7 26. Nc2 Nc5 27.
 Rf6 Rg6 28. Rxg6?! fxg6 =, quiet {Aniukhin - Rogozhnikov/Voronez 1991} ) 
( 19. Ke2!? {Horvath,T Beliavsky-Shirov/ CBM/39} ) 19. ... Rg5 20. Nf6+ 
Ke7 { Both kings are deprived of castling after the opponent knights have 
given checks from f3 and f6 respectively. Game becomes absolutely 
irrational } ( {The effective} 20. ... Qxf6 {is refuted by means of  - 
Horvath,T} 21. Bc6+! +/- ( 21. Qxf6? Nd2+ 22. Kg2 Nxe4 23. Qh8 Rh5 24. 
Qxh5 ( 24. Qg8 Nf6 ) 24. ... Bxh5 -/+ ) 21. ... Ke7 22. Qxf6+ Kxf6 23. 
Bxa8 +/- {Klovans J - Taborov B, 1985 Kostroma} ) 21. Qh8 Nd2+ 22. Kg2 
Nxe4 ( 22. ... d5? 23. Rad1! ) 23. Nxe4 Rg6 24. Rhe1 ( 24. Qh4+!? Kd7 ( 
24. ... Ke6 {Horvath,T} 25. Qxd8 Rxd8 {Nach vielen Beispielen Schwarz hat 
mindestens genug Kompensation für geopferten Bauern.} 26. f3 Bf5 27. Rad1 
d5 28. Nb1 {a pair of strong bishops fully compensates the lack of a pawn 
to Black)} ) 25. Qxd8+ Rxd8 26. f3 Be6 ( 26. ... Bf5 27. Rad1 Ke8 28. Nf2 
) 27. Rhd1 Ke7 28. Nc2 f5 29. Nf2 d5 30. a4 f4 31. axb5 axb5 =, quiet {
Magem Badals - Polgar Zsu./ Madrid 1992} ) 24. ... Qd7 25. f3? { Permits 
an elegant combination to Black } ( 25. Qh4+ f6 26. Qh7+ ( 26. f3 Be6 27. 
Qh7+ Bf7 =/& ) 26. ... Rg7 27. Qh6 Qf5 28. Qe3 ~ ) 25. ... Bxf3+! 26. Kxf3
Qf5+ 27. Kg2 ( 27. Ke3 Bh6+ ) 27. ... Rh6 28. Qg8 Qh3+ 29. Kf3 Rg6 -+ {
Black has taken the opponent's queen prisoner, which decides the outcome 
of the game } 30. Qxg6 fxg6 -+ 31. Nf2 Qf5+ 32. Kg2 d5 33. Rf1 Ke6 34. b4 
Rc8 35. Rae1 Rxc3 36. Nh3 Rxa3 ( 36. ... Qg4 37. Rxf8 Rxa3 38. Re8+ Kd6 
39. R8xe5 Rxa2+ 40. Nf2 Qxb4 -+ ) 37. Rxf5 gxf5 38. Ng5+ Ke7 39. Rxe5+ Kf6
40. Nf3 Rxa2+ ( 40. ... Rxf3? 41. Re8 Kf7 42. Rxf8+ +- ) 41. Kf1 Bxb4 42. 
Rxd5 Bc3 43. Rd6+ Ke7 44. Rb6 b4 45. h4 Kd7 0-1

[Event "Chelyabinsk 13.1"]
[Site "Groningen NED"]
[Date "1993.??.??"]
[Round "13.1"]
[White "Beliavsky, Alexander G"]
[Black "Shirov, Alexei"]
[Result "1-0"]
[WhiteElo "2635"]
[BlackElo "2685"]
[EventDate "1993.12.??"]
[Annotator "Ftacnik"]

1. e4 {Horvath,T Ernst Chekhov} 1. ... c5 2. Nf3 e6 3. d4 cxd4 4. Nxd4 Nf6
5. Nc3 Nc6 6. Ndb5 d6 7. Bf4 e5 8. Bg5 a6 9. Na3 b5 10. Bxf6 gxf6 11. Nd5 
f5 12. Bd3 Be6 13. Qh5 Rg8!? 14. g3 Nd4 { In this game White with his 19th
move had employed a paradoxical novelty that managed to shake the 
reputation of this variation for Black for a time } ( 14. ... Rg4!? 15. f4
exf4 16. Nxf4 Rxf4!? 17. gxf4 Qa5+ ~ {
Timoschenko-Krasenkov/Voskresensk/1992/} ) 15. c3 fxe4 16. Bxe4 Bg4 17. 
Qxh7 Rg7 18. Qh6 ( 18. Qh8?! {Chekhov} 18. ... Nf3+ 19. Ke2 Ng5+ 20. f3 
Nxe4 21. fxg4 Qg5 22. Ne3 d5 â†‘ ) 18. ... Nf3+ 19. Ke2!! {"It is 
psychologically difficult to put your king under a discovered check, but 
for the moment it is His Majesty that run the battle and puts the 
irrational play on a positional footing, as knight has to retreat and the 
position gets simplified, whereas Black keeps a permanently active factor 
- the "eternal" d5-knight, that has consolidated its grip on the black 
weak point" - A.Beliavsky } ( 19. Kf1 Rg5 ( 19. ... Rg6! {Chekhov} 20. Qe3
Bh6 21. Qd3 Nd2+ 22. Kg2 Nxe4 23. Qxe4 Rc8 â†‘ ( 23. ... f5? 24. Nc7+ ) ) 
20. Nf6+ Ke7 ( 20. ... Qxf6 21. Bc6+ ( 21. Qxf6 Nd2+ ) 21. ... Ke7 22. 
Qxf6+ Kxf6 23. Bxa8 Nd2+ 24. Ke1 Bh6 25. Nc2 Rg8 26. Bd5 Nc4 27. Ne3 Bxe3 
28. fxe3 Nxe3 29. Bb3 d5 30. a4 Rb8 31. axb5 axb5 32. Kd2 {
0,5/Klovans,Y-Taborov/ Kostroma/1985/} ) 21. Qh8 Nd2+ 22. Kg2 Nxe4 23. 
Nxe4 Rg6 24. Qh4+ Kd7 25. Qxd8+ Rxd8 26. f3 Be6 ~ {Magem 
Badals-Polgar,Zsu/Madrid/1992/} ) 19. ... Ng5+ ( 19. ... Rg6?! {Chekhov} 
20. Qe3 Bh6 21. Qd3 ( 21. Qb6 {Ernst} 21. ... Nd2+ 22. f3 Nxe4 23. Qxd8+ 
Kxd8 24. fxg4 Rxg4 25. Rhf1 Ra7 26. Nc2 += {Aniukhin,A-Rogozhnikov,A/ 
URS-sf Voronez/1991/} ) 21. ... Ng5+ 22. f3 Nxe4 23. fxg4 ) ( 19. ... Rh7 
{Horvath,T} 20. Qe3 ( 20. Nf6+ Qxf6! 21. Qxf6 Ng5+ 22. Ke3 ( 22. f3? Nxe4 
23. Qh4 Rxh4 24. gxh4 Bh5 -+ ) 22. ... Nxe4 23. Kxe4 Be7 24. Qxe7+ Kxe7 
25. f4 f5+ 26. Ke3 Kf6 =/& ) ( 20. Qxh7!? Ng5+ 21. f3 Bxf3+ 22. Bxf3 Nxh7 
23. h4! ( 23. Nc7+?! Qxc7 24. Bxa8 d5! ~ ) 23. ... Rc8 24. Rhf1 +/- ) 
20. ... Bh6 21. Qb6 Ng5+ 22. f3 Nxe4 23. fxg4 Qg5? 24. Qc6+ Kf8 25. Qxa8+ 
Kg7 26. Nf4! +- ) 20. f3 Nxe4 ( 20. ... Rg6 {Chekhov} 21. Qh4 Nxe4 22. 
Qxd8+! ( 22. fxg4 Qc8! â†‘ ) 22. ... Kxd8 23. fxg4 Rxg4 24. Rhf1 +/- ) 21.
 fxg4 Qc8 ( 21. ... Rxg4 {Ernst} 22. Qh3 += ( 22. Qh5 {Horvath,T} 22. ... 
Rg5 23. Qf3 f5 24. Rhg1! {/\ h4+/-} ) ) 22. Qe3! { By withdrawing his 
queen to its own camp White consolidates his position } ( 22. Ne3?! {
Chekhov} 22. ... Rxg4 23. Qh3 Rg6 24. Qxc8+ Rxc8 {/\Kd7-e6/} ) ( 22. h3? 
Rxg4 23. Qh7 Qc5! 24. hxg4 Qf2+ -+ ) ( 22. Kd3 Qxg4 23. Rae1 Nf2+ 24. Kd2 
Qf3 ) 22. ... Qxg4+ ( 22. ... Rxg4?! 23. Qb6 â†’ ( 23. Qf3 +/- ) ) 23. Qf3
Qxf3+ 24. Kxf3 f5 25. Nc2 { Preparing the undermiming a2-a4 and directing 
his a3-knight to e3} ( 25. Ne3 {Chekhov} 25. ... Ng5+ 26. Kf2 Rf7 ) 
25. ... Kf7 26. Nce3 Ke6? { This move associated with a pawn sacrifice 
does not offer an adequate compensation to Black } ( {Later it was 
established that Black should have continued} 26. ... Nf6! 27. Rad1 += ( 
27. a4! {Chekhov} 27. ... Nxd5 28. Nxd5 Ke6 29. Rhd1 Rb8 {with quite a 
secure black position, for example:} 30. Nb4 ( 30. b4! +/- a5! 31. bxa5 
bxa4 32. Rxa4 Rb2 33. a6? Rxh2! ) 30. ... a5 31. Nc6 Rb6 32. axb5 Rxb5 33.
 Rd2 Rc7 34. Rxa5 Rxa5 35. Nxa5 d5 { an analysis by A.Beliavsky} ) ) ( 
26. ... Ng5+ {Chekhov} 27. Ke2 Ke6 ( 27. ... Kg6 28. a4! +/- ) 28. Raf1 ( 
28. Rhf1 {Horvath,T} 28. ... Rf7 29. Rxf5! Rxf5 30. Nc7+ Kd7 31. Nxa8 +/- 
) 28. ... Rf7 29. Rxf5 Rxf5 30. Nc7+ Kd7 31. Nxa8 +- ) 27. Nxf5! {A nice 
little combination} ( 27. a4! {Chekhov} 27. ... Nd2+ 28. Ke2 Nb3 29. Ra3 
bxa4 30. Rxa4 a5 ~ ) 27. ... Ng5+ ( 27. ... Kxd5 28. Ne3+ Ke6 29. Kxe4 +/-
) ( 27. ... Kxf5? {Chekhov} 28. Ne3+ ) 28. Kg4 Rf7 ( 28. ... Kxd5 29. Nxg7
Bxg7 30. Kxg5 +- ) 29. Rhf1 ( 29. Kxg5 Rxf5+ 30. Kg4 Ra7 ) 29. ... Ne4 ( 
29. ... Kxd5 30. Kxg5 +/- ) 30. Rad1?! ( {As A.Beliavsky points out, White
advantage can be consolidated by} 30. Nfe3! Raa7 ( 30. ... Nf2+? 31. Rxf2 
Rxf2 32. Nc7+ Kd7 33. Nxa8 Rxh2 34. Rf1 Bh6 35. Nb6+ Kc6 36. Ned5 Rxb2 37.
 Rf7 +- ) ( 30. ... Rh7 31. Rad1 Bh6 32. Kf3 +/- ) 31. Kh3 Bh6 32. Kg2 +/-
) 30. ... Raa7?! ( {Better to play} 30. ... Rd8! { (A.Shirov) with an idea
to carry out the liberating advance d6-d5 after having evicted white 
knight from the d5-square} 31. Nde3 d5 += ) 31. Nde3 Rad7 32. Kf3! {
Opening the way to the g3-pawn } 32. ... d5 ( 32. ... Rxf5+? 33. Nxf5 Kxf5
34. Ke3+ +- ) 33. g4 ( 33. Nxd5? {Horvath,T} 33. ... Rxd5 34. Kxe4 Rxd1 -+
) 33. ... Bc5 34. h4 Nf6 {With an idea of d5-d4} 35. Rde1 ( 35. g5 Ne4 36.
 Kg2 b4 37. cxb4 +/- ) 35. ... b4 ( 35. ... Bxe3 36. Rxe3 ) 36. Re2! bxc3 
37. bxc3 Bxe3 ( 37. ... Rb7!? {Chekhov} ) 38. Rxe3 Ne4 39. Kg2 Rc7?! ( 
39. ... Rb7! ) 40. Rb1 +/- {! Chekhov} 40. ... Rb7 ( 40. ... Rxc3 41. Rb6+
Kd7 42. Rxc3 Nxc3 43. Rxa6 +/- ( 43. h5 +/- {Chekhov} ) ) 41. Rb3 Nd2 42. 
Rxb7 Rxb7 43. Re2 Nb1 ( 43. ... Ne4? 44. c4! +- ) 44. Rc2 Na3 45. Rf2! Nb1
46. g5?! ( {As A.Beliavsky points out, stronger is} 46. h5 Nxc3 47. h6 Ne4
48. Ng7+ Kd6 ( 48. ... Ke7 49. Rf5 Kd6 50. Rf8 +- ) 49. Rf8 Ng5 50. Rf5 
Nf7 51. Rxf7 Rxf7 52. h7 Rf8 53. g5 Ke7 54. g6 Kf6 55. Ne6 +- ) 46. ... 
Nxc3 47. g6 Rd7? ( 47. ... Rb8! ) ( 47. ... Ne4 48. g7 Nf6! ( 48. ... Kf7 
{Chekhov} 49. Nd6+ ) 49. h5 Ng8 ) 48. g7 +- Kf7 49. h5 Kg8 50. h6 Kh7 51. 
Ne3 ( 51. Ne3 Rd8 52. Rf8 +- ) 1-0

[Event "Chelyabinsk variation - 10.1"]
[Site "Lechenicher SchachServer"]
[Date "2006.09.15"]
[Round "10.1"]
[White "Rosso, Pier Andrei"]
[Black "Da Costa Junior, Luiz Roberto G"]
[Result "1/2-1/2"]
[WhiteElo "2367"]
[BlackElo "2296"]
[EventDate "2006.06.09"]
[PlyCount "62"]

1. e4 c5 2. Nf3 Nc6 3. d4 cxd4 4. Nxd4 Nf6 5. Nc3 e5 6. Ndb5 d6 7. Bg5 a6 
8. Na3 b5 9. Bxf6 gxf6 10. Nd5 f5 11. Bd3 {Rejecting the exchange on f5, 
White fortifies the pawn outpost on e4, which should check the mobility of
the opponent's pawns in the center } 11. ... Be6 12. O-O Bg7 13. Qh5 f4 ( 
{A well-known opening trap} 13. ... O-O? 14. exf5 Bxd5 15. f6 {should be 
mentioned here} ) 14. c3 O-O 15. Nc2 f5 {Each party is busy doing his own 
job - White has improved the a3-knight's position and prepared the a2-a4 
advance; Black, in his turn, sets the pawns in motion along the f-file } (
{In an earlier game between the same players Black acted more sluggishly }
15. ... Kh8 16. a4 bxa4 17. Rxa4 a5 18. Rfa1 Rg8 19. b4 Bf6 20. b5 Nb8 +/-
21. Nxf4!? ( 21. Ncb4 Bh4 22. Nc6 Nxc6 23. bxc6 Bh3 24. Bf1 +/- ) 21. ... 
Bg4 22. Qxf7 exf4 23. e5 Bg7 {Lukin - Timoscenko, 1973 USSR - and now 
White's great advantage is determined by} 24. e6! +/- ) 16. a4?! {A 
logical move that, nevertheless, allows the opponent to activate his 
central pawn mass} 16. ... Bxd5! 17. exd5 Ne7 18. axb5 e4 19. Bc4 ( 19. 
Be2 f3! 20. gxf3 Ng6! 21. fxe4 Nf4 22. Qf3 fxe4 23. Qxe4 Qg5+ 24. Kh1 Rae8
25. Bd3 Rxe4 26. Bxe4 Nh3 { Cuartas Carlos 2440 - Zaitsev Igor A 2495 , 
Quito 1977} ) 19. ... axb5 20. Bxb5 Rb8 21. Bc6 ( 21. c4? {After this 
Black wins back his sacrificed pawn and obtains a "free" positional 
advantage } 21. ... Nxd5! -/+ 22. Ra7 Nc7 23. Rfa1 Nxb5 24. cxb5 Qf6 25. 
Rc7 Rbc8 26. Raa7 Rxc7 27. Rxc7 Qxb2 -+ 28. Qe2 d5 {Black pawn armada in 
the center decides the outcome of the battle } ) 21. ... Rxb2 22. Ra8 Nc8 
23. Nd4 Bxd4 24. cxd4 Qe7 25. Qh6 e3 26. Qxf4 e2 27. Re1 Rb1 28. Qg3+ Kf7 
29. Qc3 Rxe1+ 30. Qxe1 Na7 31. Rxf8+ Kxf8 1/2-1/2